00810nam a2200217 a 4500001001000000003000500010005001700015008004100032010001100073011001100084040000900095100003000104245013700134260004200271500006000313502007700373650002600450650002400476650002200500856007000522000111822CHAP20220329144230.0150921s20010015mx a fsm |||||||spa d a108283 a109255 cCHAP1 aMárquez Pérez, Ismael10aEnsayo de variedades mejoradas de maíz (Zea mays L.) blanco en Coahuitlán, Veracruzh[En línea]cpor Ismael Márquez Pérez. aChapingo, Méx. :bEl autor,c20015. aPara ver el contenido del material haga clic en la liga aTesis (Ing. Agr. Esp. en Fitotecnia) -- UACH. Departamento de Fitotecnia14aMaízxMejoramiento.14aMaízxVariedades.14aMaízxVeracruz. aFinding aiduhttp://10.13.5.2/tesis/sist111822.pdfzTeclea aquí